რომის სამხედრო-პოლიტიკური ექსპანსია საქართველოში = Military-political expansion of Rome in Georgia / (ბიბ.ჩანაწერი № 60371)
[ მარტივი ფორმატი ]
| 000 -ლიდერი | |
|---|---|
| ფიქსირებული სიგრძის საკონტროლო ველი | 01476nam a22002297a 4500 |
| 003 - საკონტროლო ნომრის იდენტიფიკატორი | |
| საკონტროლო ველი | Ge_BSU |
| 005 - ბოლო ოპერაციის თარიღი და დრო | |
| საკონტროლო ველი | 20230706123616.0 |
| 008 - ფიქსირებული სიგრძის მონაცემთა ელემენტები - ზოგადი ინფორმაცია | |
| ფიქსირებული სიგრძის საკონტროლო ველი | 230706s2006ge xxu||||| |||| 00| 0 geo d |
| 020 ## - წიგნის საერთაშორისო სტანდარტული ნომერი | |
| International Standard Book Number | 9994058630 |
| 041 ## - ენის კოდი | |
| Language code of text/sound track or separate title | geo |
| 080 ## - უნივერსალური ათობითი კლასიფიკაციის ინდექსი | |
| Universal Decimal Classification number | 94(395.4) გ-19 |
| 100 ## - მთავარი ჩანაწერი - პიროვნების სახელი | |
| Personal name | გამყრელიძე, გელა, ავტორი. |
| 9 (RLIN) | 19177 |
| 245 ## - ცნობა სათაურის შესახებ | |
| Title | რომის სამხედრო-პოლიტიკური ექსპანსია საქართველოში = Military-political expansion of Rome in Georgia / |
| Statement of responsibility, etc | გელა გამყრელიძე [რედ. გრანი ქავთარია]. |
| 264 ## - წარმოების, გამოცემის, დისტრიბუციის და სხვა ცნობები | |
| გამოცემის, წარმოების, დისტრიბუციის... ადგილი | თბილისი : |
| გამოცემის, წარმოების, დისტრიბუციის... თარიღი | 2006. |
| 300 ## - ფიზიკური აღწერა | |
| Extent | 191 გვ. ; |
| Other physical details | 20 სმ. |
| 504 ## - BIBLIOGRAPHY, ETC. NOTE | |
| Bibliography, etc | წიგნს ახლავს ავტ. მინაწ. ბიბლიოგრ.: გვ. 147-163. |
| 653 ## - INDEX TERM--UNCONTROLLED | |
| Uncontrolled term | საქართველო-ძველი რომის ურთიერთობების ისტორია. ძველი რომის სამხედრო |
| 653 ## - INDEX TERM--UNCONTROLLED | |
| Uncontrolled term | საქართველოს ახალი ისტორია. ძველი რომის ისტორია. |
| 700 ## - ADDED ENTRY--PERSONAL NAME | |
| Personal name | ქავთარია, გრანი |
| Relator term | რედაქტორი |
| 9 (RLIN) | 15333 |
| 856 ## - ELECTRONIC LOCATION AND ACCESS | |
| Uniform Resource Identifier | https://dspace.nplg.gov.ge/bitstream/1234/401728/1/RomisSamxedroPloitikuriEqspansiaSaqartveloshi.pdf |
| Link text | ელექტრონული ვერსია |
| 942 ## - ADDED ENTRY ELEMENTS (KOHA) | |
| Source of classification or shelving scheme | |
| Koha item type | წიგნი |
| ჩამოწერის სტატუსი | დაკარგული ეგზემპლარის სტატუსი | კლასიფიკაციის წყარო ან თაროზე გაწყობის სქემა | დაზიანების სტატუსი | არ გაიცემა | მუდმივი მდებარეობა (დაცვის ადგილი) | ამჟამინდელი ადგილსამყოფელი | თაროზე განთავსების ადგილი | შეძენის თარიღი | ღირებულება, შესყიდვის ნორმალური ფასი | სრული შენახვის შიფრი | შტრიხკოდი | ბოლო ოპერაციის თარიღი | ეგზემპლარის მიმდევრობითი ნომერი (კეტერი?) | Uniform Resource Identifier | ფასის ძალაში შესვლის თარიღი | ეგზემპლარის სახეობა | საჯარო შენიშვნა |
|---|---|---|---|---|---|---|---|---|---|---|---|---|---|---|---|---|---|
| ბათუმის შოთა რუსთაველის სახელმწიფო უნივერსიტეტის მთავარი ბიბლიოთეკა | ბათუმის შოთა რუსთაველის სახელმწიფო უნივერსიტეტის მთავარი ბიბლიოთეკა | წიგნსაცავი | 2023-07-06 | 6.00 | 94(395.4) გ-19 | 64903 | 2023-07-06 | 64903 | ბსუ-ს საპატიო დოქტორის გურამ ლორთქიფანიძის საჩუქარი | 2023-07-06 | წიგნი | 6.00 |
